[Event "DEN-chT 9495"]
[Site "?"]
[Date "1994.??.??"]
[Round "2"]
[White "Bentzen, Eric"]
[Black "Larsen, Steen Skovlund"]
[Result "0-1"]
[WhiteElo "2330"]
[BlackElo "2320"]

1.d4 Nf6 2.Nf3 g6 3.c4 Bg7 4.g3 O-O 5.Bg2 d6 6.O-O Nbd7 7.Nc3 e5 8.e4 exd4
9.Nxd4 Re8 10.h3 a6 11.Re1 Rb8 12.Rb1 Ne5 13.b3 c5 14.Nc2 b5 15.cxb5 axb5
16.f4 Ned7 17.Qxd6 Nh5 18.Qd3 b4 19.Ne2 Qa5 20.e5 c4 21.bxc4 Nc5 22.Qd2 Bf5
23.g4 Rbd8 24.Bd5 Qxa2 25.Rb2 Qa7 26.Qd4 b3 27.Ne3 Qa5 28.Bd2 Qc7 29.gxf5 Rxe5
30.Bc3 Re4 31.Qd2 Nxf4 32.Bxg7 Nxh3+ 33.Kg2 Rh4 34.fxg6 hxg6 35.Bf6 Nf4+
36.Nxf4 Qxf4 37.Bxh4 Ne4 38.Qe2 Rxd5  0-1

[Event "DEN-chT9394"]
[Site "DEN"]
[Date "1994.??.??"]
[Round "7"]
[White "Fedder, Steen"]
[Black "Sogaard, Soren"]
[Result "1-0"]
[WhiteElo "2380"]
[BlackElo "2290"]

1.d4 Nf6 2.c4 g6 3.g3 Bg7 4.Bg2 O-O 5.Nf3 d6 6.O-O Nc6 7.Nc3 e5 8.d5 Ne7
9.e4 Nd7 10.Ne1 f5 11.Nd3 Nf6 12.exf5 gxf5 13.f4 Ng6 14.Kh1 Bd7 15.fxe5 dxe5
16.Nc5 e4 17.Bh3 Ng4 18.Nxd7 Qxd7 19.Nxe4 fxe4 20.Rxf8+ Rxf8 21.Bxg4 Qd6
22.Be3 Qf6 23.Qc2 Ne5 24.Be2 Nd3 25.Qd2 b6 26.Rf1 Qxb2 27.Bxd3 exd3 28.Rxf8+ Kxf8
29.Qxb2 Bxb2 30.Kg2 Ke7 31.Kf3 Bc3 32.Bf4 Kd7 33.Ke3 d2 34.Ke2 c6 35.dxc6+ Kxc6
36.Bxd2 Bf6 37.Be3 a6 38.Kd3 b5 39.h3 b4 40.Bd4 Bxd4 41.Kxd4 a5 42.g4 a4
43.Kd3 Kc5 44.g5 a3 45.Kc2  1-0

[Event "DEN-chT9394"]
[Site "DEN"]
[Date "1994.??.??"]
[Round "7"]
[White "Bentzen, Eric"]
[Black "Kristensen, Leif"]
[Result "0-1"]
[WhiteElo "2315"]
[BlackElo "2310"]

1.d4 Nf6 2.Nf3 g6 3.c4 Bg7 4.g3 O-O 5.Bg2 d6 6.O-O c6 7.Nc3 Qa5 8.h3 e5 9.d5 cxd5
10.cxd5 b5 11.Nd2 Bd7 12.a4 b4 13.Nce4 Nxe4 14.Nxe4 f5 15.Ng5 Rc8 16.Ne6 Bh8
17.e4 fxe4 18.Bxe4 Na6 19.Qg4 Bg7 20.Bxg6 hxg6 21.Bh6 Qc7 22.Qxg6 Bxe6 23.Qxe6+ Qf7
24.Qxd6 Qf6 25.Qxf6 Bxf6 26.Rad1 Nc5 27.a5 Rd8 28.Be3 Nb3 29.f4 Nxa5 30.fxe5 Bxe5
31.Rf5 Bxb2 32.d6 Nc4 33.Bc5 b3 34.d7 Bg7 35.Be7 Ne3 36.Bxd8 Rxd8 37.Re1 Rxd7
38.Rg5 b2 39.Rb5 Nc4  0-1

[Event "Djakovo op"]
[Site "Djakovo"]
[Date "1994.??.??"]
[Round "7"]
[White "Kovacevic, Blazimir"]
[Black "Stevic, Hrvoje"]
[Result "0-1"]
[WhiteElo "2350"]
[BlackElo "2200"]

1.d4 Nf6 2.Nf3 g6 3.c4 Bg7 4.g3 O-O 5.Bg2 d6 6.O-O Nbd7 7.Nc3 e5 8.e4 exd4
9.Nxd4 Nc5 10.h3 Re8 11.Re1 Bd7 12.Rb1 h6 13.f4 a5 14.b3 c6 15.Kh2 Qc7 16.Rb2 Rad8
17.Rbe2 Bc8 18.Bb2 Qb6 19.Rd2 Kh7 20.Qc2 Kg8 21.Ba1 Qc7 22.a3 Qb6 23.Qb1 h5
24.b4 axb4 25.axb4 Ne6 26.Nf3 Nf8 27.Red1 Be6 28.e5 N6d7 29.Ne4 dxe5 30.fxe5 Bf5
31.g4 hxg4 32.hxg4 Bxe4 33.Qxe4 Qxb4 34.Qe2 Qe7 35.Bc3 Nxe5 36.Bxe5 Rxd2
37.Rxd2 Bxe5+ 38.Nxe5 Qxe5+ 39.Qxe5 Rxe5 40.Rb2 Re7 41.Kg3 Ne6 42.Rd2  0-1

[Event "Dresden op"]
[Site "Dresden"]
[Date "1994.??.??"]
[Round "?"]
[White "Espig, Lutz"]
[Black "Hausrath, Daniel"]
[Result "1/2-1/2"]
[WhiteElo "2470"]
[BlackElo "2320"]

1.Nf3 Nf6 2.c4 g6 3.d4 Bg7 4.g3 O-O 5.Bg2 d6 6.O-O c6 7.Nc3 Qa5 8.h3 Be6
9.d5 cxd5 10.Nd4 dxc4 11.Nxe6 fxe6 12.Bxb7 Nbd7 13.Bxa8 Rxa8 14.Qa4 Qxa4
15.Nxa4 Ne4 16.Be3 Rb8 17.Rac1 d5 18.Rc2 Nb6 19.Nc3 Nd6 20.Rd1 Nf5 21.Bc5 Nd7
22.Ba3 Nd4 23.Rcd2 Nb5 24.Nxb5 Rxb5 25.Rc2 Nb6 26.Kf1 Kf7 27.Kg2 Na4 28.Rdd2 Nb6
29.e3 c3 30.bxc3 Nc4 31.Bc1 Nxd2 32.Bxd2 Rc5 33.Kf3 Rc4 34.Ke2 e5 35.f3 e4
36.fxe4 Rxe4 37.Kd3 Ra4 38.Rb2 Ke6 39.Be1 h5 40.Rg2 Bf6 41.g4 hxg4 42.Rxg4 Rxg4
43.hxg4 Kd7 44.e4  1/2-1/2

[Event "Dresden (Women)"]
[Site "Dresden"]
[Date "1994.??.??"]
[Round "?"]
[White "Heinatz, Gundula"]
[Black "Voiska, Margarita"]
[Result "1/2-1/2"]
[WhiteElo "2235"]
[BlackElo "2325"]

1.Nf3 Nf6 2.g3 g6 3.Bg2 Bg7 4.d4 O-O 5.c4 d6 6.O-O Nbd7 7.Nc3 e5 8.Qc2 Re8
9.Rd1 c6 10.dxe5 dxe5 11.h3 Qe7 12.a3 Rf8 13.e4 Ne8 14.b4 f5 15.b5 Nc5 16.Bb2 Nd6
17.exf5 Bxf5 18.Qe2 Rad8 19.g4 Bd7 20.a4 e4 21.Nd4 Ne6 22.Nxe4 Nf4 23.Qc2 Nxe4
24.Re1 Qh4 25.Rxe4 Nxh3+ 26.Bxh3 Qxh3 27.Ra3 Qh4 28.Nf3 Rxf3 29.Rxf3 Bxb2
30.Qxb2 Bxg4 31.Qb3 Qh5 32.c5+ Kh8 33.Qc3+ Kg8 34.Qc4+ Kh8 35.Qc3+ Kg8 36.Qc4+ Kh8
37.Qc3+  1/2-1/2

[Event "Dublin m"]
[Site "Dublin"]
[Date "1994.??.??"]
[Round "?"]
[White "Baburin, Alexander"]
[Black "Daly, Colm"]
[Result "1-0"]
[WhiteElo "2520"]
[BlackElo "2265"]

1.d4 Nf6 2.c4 g6 3.Nf3 Bg7 4.g3 O-O 5.Bg2 d6 6.O-O c6 7.Nc3 Bf5 8.b3 Ne4
9.Bb2 Nxc3 10.Bxc3 Be4 11.Qd2 Nd7 12.Rfd1 d5 13.cxd5 cxd5 14.Rac1 a5 15.Bh3 Bxf3
16.exf3 e6 17.Bf1 Qb6 18.a4 Rfc8 19.Bb5 Rc7 20.b4 axb4 21.Bxb4 Rxc1 22.Rxc1 Bf8
23.Bxf8 Nxf8 24.Qf4 Rd8 25.Rc7 f6 26.Re7 e5 27.Qh6  1-0

[Event "Eger op"]
[Site "Eger"]
[Date "1994.??.??"]
[Round "4"]
[White "Chetverik, Maxim"]
[Black "Sziraki, Tamas"]
[Result "0-1"]
[WhiteElo "2315"]
[BlackElo "2260"]

1.d4 Nf6 2.c4 g6 3.Nf3 Bg7 4.g3 O-O 5.Bg2 d6 6.O-O Nbd7 7.Nc3 e5 8.h3 c6
9.Qb3 exd4 10.Nxd4 Nc5 11.Qc2 a5 12.Rd1 Nfd7 13.b3 Ne5 14.Rb1 Qe7 15.f4 Ned7
16.a3 Nb6 17.e3 Ne6 18.Nde2 a4 19.Nxa4 Nxa4 20.bxa4 Nc5 21.Nc3 Be6 22.Rb4 Na6
23.Rb6 Bxc4 24.Nb5 d5 25.Nd4 Nc5 26.Rb4 Nd3 27.Rb1 Nxc1 28.Qxc1 Rxa4 29.Nc2 Re8
30.Kh2 Raa8 31.Qd2 Rad8 32.Rb6 Rd7 33.Qa5 Qd8 34.Qb4 Bb5 35.Rxb5 cxb5 36.Qxb5 Qc8
37.Nb4 d4 38.e4 Red8 39.e5 Qc3 40.Nd5 Rxd5  0-1

[Event "FIN-chT"]
[Site "?"]
[Date "1994.??.??"]
[Round "?"]
[White "Kekki, Petri"]
[Black "Salo, Heikki"]
[Result "1-0"]
[WhiteElo "2275"]
[BlackElo "2245"]

1.d4 Nf6 2.Nf3 g6 3.c4 Bg7 4.g3 O-O 5.Bg2 d6 6.O-O Nbd7 7.Nc3 e5 8.e4 exd4
9.Nxd4 Re8 10.h3 c6 11.Rb1 Nc5 12.Re1 Qc7 13.Bf4 Nh5 14.Be3 Bd7 15.Qc2 Rad8
16.Rbd1 Bc8 17.g4 Nf6 18.f4 h6 19.Nde2 Ncxe4 20.Nxe4 Nxe4 21.Bxe4 f5 22.Ng3 fxe4
23.Nxe4 Qe7 24.Bf2 Qf8 25.Bh4 d5 26.cxd5 cxd5 27.Bxd8 Rxd8 28.Qb3 Kh7 29.Rxd5 Rxd5
30.Qxd5 Qxf4 31.Kg2 h5 32.gxh5 Bf5 33.Ng3 Qg5 34.hxg6+ Kxg6 35.Qxf5+ Qxf5
36.Nxf5 Kxf5 37.b3 Bd4 38.Kf3 b6 39.Re4 Bc5 40.Rg4 a5 41.h4 Ba3 42.Rg5+ Kf6
43.Ke4 Bd6 44.Rb5 Bc7 45.Kd5  1-0

[Event "FIN-chT"]
[Site "?"]
[Date "1994.??.??"]
[Round "?"]
[White "Yrjola, Jouni"]
[Black "Maki, Veijo"]
[Result "1/2-1/2"]
[WhiteElo "2440"]
[BlackElo "2405"]

1.d4 Nf6 2.c4 g6 3.g3 Bg7 4.Bg2 O-O 5.Nf3 d6 6.O-O Nbd7 7.Nc3 e5 8.e4 exd4
9.Nxd4 Re8 10.h3 Nc5 11.Re1 h6 12.Rb1 Bd7 13.b3 a6 14.Bb2 Rb8 15.Qc2 b5 16.b4 Ne6
17.Nxe6 Bxe6 18.Nd5 c6 19.Nxf6+ Bxf6 20.Bxf6 Qxf6 21.c5 Bc4 22.cxd6 Qxd6
23.a3 c5 24.Rbd1 Qe7 25.Qb2  1/2-1/2

[Event "FIN-chT"]
[Site "?"]
[Date "1994.??.??"]
[Round "?"]
[White "Lindstedt, Johan"]
[Black "Maki, Veijo"]
[Result "1/2-1/2"]
[WhiteElo "2310"]
[BlackElo "2405"]

1.d4 Nf6 2.c4 g6 3.Nf3 Bg7 4.g3 O-O 5.Bg2 d6 6.O-O Nbd7 7.Nc3 e5 8.e4 exd4
9.Nxd4 Re8 10.h3 a6 11.Re1 Rb8 12.a4 a5 13.Qc2 Nc5 14.Nb3 Nxb3 15.Qxb3 Nd7
16.Be3 c6 17.Rad1 Qc7 18.Bd4 Nc5 19.Qc2 Be6 20.Bxg7 Kxg7 21.b3 Qb6 22.Rb1 Rbd8
23.Ne2 Kg8 24.Nd4 Bc8 25.Rbd1 Re7 26.Re3 Rde8 27.Ne2 f5 28.Rxd6 fxe4 29.Nf4 Qc7
30.Rd4 Bf5 31.Ne2 g5 32.Nc3 Qe5 33.Rd2 Bg6 34.Rde2 Qd4 35.Rd2 Qf6 36.Rde2 Qf5
37.Re1 Re5 38.Rf1 Qd7 39.Rfe1 Qe7 40.R1e2 Re6 41.Re1 Re5 42.R1e2 Qe6 43.Re1 Bf5
44.R1e2 h5 45.Qb1 Qg6 46.Kh2 Qh7 47.Qc2 h4 48.g4 Bg6 49.Qb1 Qf7 50.Qc2 Qf4+
51.Kg1 R5e6 52.Qb1 Kg7 53.Qc2 Kh6 54.Qb1  1/2-1/2

[Event "FRA-chT "]
[Site "FRA"]
[Date "1994.??.??"]
[Round "?"]
[White "Relange, Eloi"]
[Black "Etchegaray, Patrice"]
[Result "1/2-1/2"]
[WhiteElo "2420"]
[BlackElo "2395"]

1.d4 Nf6 2.c4 g6 3.Nf3 Bg7 4.g3 O-O 5.Bg2 d6 6.O-O Nbd7 7.Nc3 e5 8.e4 c6
9.h3 Qb6 10.Re1 exd4 11.Nxd4 Ne8 12.Nb3 a5 13.Be3 Qb4 14.a3 Qxc4 15.Nd4 f6
16.Bf1 Qf7 17.b3 Nc7 18.f4 Kh8 19.Nf3 Qe7 20.Qc2 Nc5 21.Bf2 Be6 22.b4 axb4
23.axb4 Rxa1 24.Rxa1 N5a6 25.Rb1 Qd7 26.Kh2 b5 27.Nd1 d5 28.Ne3 dxe4 29.Qxe4 Nd5
30.Nxd5 Qxd5 31.Qe3 Qa2 32.Qe1 Nc7 33.Ra1 Qd5 34.Nd4 Qd7 35.Nxe6 Qxe6 36.Qxe6 Nxe6
37.Rc1 Nd8 38.Bb6 f5 39.Bg2 Re8 40.Rd1 Bf6 41.g4 fxg4 42.hxg4 g5 43.fxg5 Bxg5
44.Rd7 Bf6 45.Kg3 Ne6 46.Bxc6 Rc8 47.Be4 Rc3+ 48.Kg2 Ng5 49.Bf5 Rb3 50.Bc5 Rb2+
51.Kf1 Ra2 52.Rb7 Bc3 53.Rxb5 Nf3 54.Rb8+ Kg7 55.Rb7+ Kf6 56.Rxh7 Nh2+ 57.Kg1 Nf3+
58.Kh1 Ke5 59.Bc8 Kf4 60.Rf7+ Kg3 61.Bd6+ Kf2 62.Bc5+ Kg3 63.Bd6+ Kf2 64.Bc5+  1/2-1/2

[Event "FRA-chT "]
[Site "FRA"]
[Date "1994.??.??"]
[Round "?"]
[White "Miralles, Gilles"]
[Black "Julve, Philippe"]
[Result "1-0"]
[WhiteElo "2455"]
[BlackElo "2135"]

1.d4 Nf6 2.c4 g6 3.Nf3 Bg7 4.g3 O-O 5.Bg2 d6 6.Nc3 Nc6 7.O-O a6 8.h3 Bd7
9.e4 e5 10.Be3 exd4 11.Nxd4 Re8 12.Re1 h5 13.Rc1 Nh7 14.Nd5 Nf8 15.Qd2 Ne6
16.Nxe6 Bxe6 17.Bg5 f6 18.Be3 Ne5 19.f4 Nd7 20.f5 Bf7 21.fxg6 Bxg6 22.Nf4 Bf7
23.Qd1 Re5 24.Bd4 Rg5 25.Rc3 Qe8 26.h4 Ra5 27.Nd5 Rc8 28.Bh3 c6 29.Bxd7 Qxd7
30.Nb6 Qe6 31.Nxc8 Qxc8 32.Bb6 Re5 33.Qxd6 Qg4 34.Qb8+ Kh7 35.Qxb7 Bg6 36.Rce3 Bxe4
37.Kh2 Rf5 38.Rxe4  1-0

[Event "Peer Gynt"]
[Site "Gausdal"]
[Date "1994.??.??"]
[Round "1"]
[White "Tregubov, Pavel V"]
[Black "Kraidman, Yair"]
[Result "1-0"]
[WhiteElo "2545"]
[BlackElo "2370"]

1.d4 Nf6 2.Nf3 g6 3.c4 Bg7 4.g3 O-O 5.Bg2 d6 6.O-O Nc6 7.d5 Ne5 8.Nxe5 dxe5
9.Nc3 a5 10.h3 Ra6 11.e4 e6 12.Be3 exd5 13.cxd5 Ne8 14.Na4 Nd6 15.Rc1 b6
16.b3 Bd7 17.Nc3 Ra7 18.a4 f5 19.exf5 gxf5 20.f4 e4 21.Rf2 Qf6 22.Rfc2 Qg6
23.Ne2 Ne8 24.Kh2 Rf6 25.Nd4 Rd6 26.Bf1 Kh8 27.Rd2 Rxd5 28.Nb5 Rxd2+ 29.Qxd2 Bxb5
30.Bxb5 Ra8 31.Qd5 Rb8 32.Bxe8 Rxe8 33.Rc6 Qh5 34.g4 Qh4 35.Bd4 Qe7 36.gxf5 Qd8
37.Qf7 Rg8 38.Rh6  1-0

[Event "Peer Gynt"]
[Site "Gausdal"]
[Date "1994.??.??"]
[Round "3"]
[White "Tregubov, Pavel V"]
[Black "Kotronias, Vasilios"]
[Result "1/2-1/2"]
[WhiteElo "2545"]
[BlackElo "2545"]

1.d4 Nf6 2.Nf3 g6 3.c4 Bg7 4.g3 O-O 5.Bg2 d6 6.O-O Nbd7 7.Nc3 e5 8.e4 c6
9.b3 Qb6 10.Bb2 exd4 11.Na4 Qa5 12.Qxd4 Re8 13.Rfe1 Re6 14.Qd2 Qc7 15.Nd4 Re7
16.Rad1 a6 17.Nc3 Rb8 18.Ba3 c5 19.Nc2 b5 20.Ne3 Re8 21.Bb2 Ne5 22.f4 Neg4
23.Ncd5 Qd8 24.Nxf6+ Nxf6 25.e5 Ng4 26.cxb5 Nxe3 27.Qxe3 axb5 28.Rxd6 Qa5
29.Bc6 Re6 30.Bd5 Re8 31.Qc3 Qa7 32.e6 fxe6 33.Qxg7+ Qxg7 34.Bxg7 Kxg7 35.Rc6 Bd7
36.Rc7 exd5 37.Rxd7+ Kf6 38.Rd6+ Kg7 39.Rd7+ Kf6 40.Rxe8 Rxe8 41.Rxd5 Rc8
42.Kf2 c4 43.bxc4 Rxc4 44.Ke3 Ra4 45.Rd2 g5 46.Rf2 h5 47.Kd3 h4 48.fxg5+ Kxg5
49.gxh4+ Rxh4 50.Kc3 Rc4+ 51.Kb3 Rh4 52.a3 Kg6 53.Kc3 Ra4 54.Kb3 Rh4 55.h3 Rxh3+
56.Kb4 Rh5 57.Rf8 Rd5 58.Rb8 Kf6 59.Rxb5 Rd4+ 60.Kc5 Ra4 61.Rb3 Ra8 62.Re3 Kf7
63.Kb5 Rb8+ 64.Kc4 Ra8 65.Kb4 Rb8+ 66.Kc3 Ra8 67.Kb2 Rb8+ 68.Ka2 Re8 69.Rc3 Ke7
70.a4 Kd7 71.Kb3  1/2-1/2

[Event "Geneve op"]
[Site "Geneve"]
[Date "1994.??.??"]
[Round "2"]
[White "Mikavica, Mirko"]
[Black "Gallagher, Joseph G"]
[Result "0-1"]
[WhiteElo "2245"]
[BlackElo "2485"]

1.d4 Nf6 2.c4 g6 3.g3 Bg7 4.Bg2 O-O 5.Nf3 d6 6.O-O Nbd7 7.Nc3 e5 8.e4 exd4
9.Nxd4 Re8 10.b3 Nc5 11.Re1 Ng4 12.f3 Ne5 13.Be3 f5 14.exf5 Ned3 15.Qd2 Nxe1
16.Rxe1 gxf5 17.Rd1 Qd7 18.b4 Na4 19.Nd5 Nb6 20.Bf1 c6 21.Nf4 Qf7 22.Rc1 Nd7
23.c5 d5 24.b5 Ne5 25.Kg2 Bd7 26.a4 Re7 27.Bf2 Bh6 28.Qc3 Ng6 29.Nxg6 hxg6
30.f4 g5 31.fxg5 Bxg5 32.Rb1 Rae8 33.Nf3 Be3 34.Bxe3 Rxe3 35.Qa5 f4 36.Ng5 Qg6
37.Qc7 R3e7 38.Qxf4 Qxb1 39.Nf3 Bh3+ 40.Kxh3 Qxf1+ 41.Kh4  0-1

[Event "Geneve op"]
[Site "Geneve"]
[Date "1994.??.??"]
[Round "4"]
[White "Mikavica, Mirko"]
[Black "Zueger, Beat"]
[Result "0-1"]
[WhiteElo "2245"]
[BlackElo "2425"]

1.d4 Nf6 2.c4 g6 3.g3 Bg7 4.Bg2 O-O 5.Nf3 d6 6.O-O c6 7.Nc3 a6 8.a4 a5 9.h3 Nbd7
10.Qc2 e5 11.dxe5 dxe5 12.Bg5 Qc7 13.Bxf6 Bxf6 14.Ne4 Be7 15.h4 f5 16.Neg5 Nc5
17.e3 h6 18.Nh3 Be6 19.Rad1 Bf6 20.Nd2 g5 21.hxg5 hxg5 22.f4 g4 23.Nf2 e4
24.b3 Qb6 25.Nfxe4 fxe4 26.f5 Bf7 27.Nxe4 Nxe4 28.Qxe4 Bh5 29.Rd3 Rae8 30.Qf4 Re7
31.Qh6 Rh7 32.Qf4 Qc5 33.Rd6 Qe5 34.Rfd1 Re7 35.e4 Qc5+ 36.Kf1 Be5 37.Qh6 Bxd6
38.Rxd6 Qe5 39.Qg5+ Rg7 40.Qd2 Qxg3 41.Rh6 Qh4 42.Qd6 Qg5 43.Rh8+ Kxh8 44.Qxf8+ Rg8
45.Qa3 g3 46.Qb2+ Kh7 47.f6 Qf4+ 48.Kg1 Qe3+ 49.Kf1 Qd3+ 50.Kg1 Qd1+  0-1

[Event "Sas van Gent"]
[Site "Gent"]
[Date "1994.??.??"]
[Round "7"]
[White "Ilic, Zoran"]
[Black "Van Laatum, Gozewijn"]
[Result "0-1"]
[WhiteElo "2390"]
[BlackElo "2410"]

1.d4 Nf6 2.Nf3 g6 3.c4 Bg7 4.g3 O-O 5.Bg2 d6 6.O-O Nbd7 7.Nc3 e5 8.e4 exd4
9.Nxd4 Re8 10.h3 Nc5 11.Re1 Bd7 12.Rb1 h6 13.Kh2 Nh7 14.b4 Ne6 15.Nde2 Nef8
16.Bb2 Be6 17.Nd5 Bxb2 18.Rxb2 c6 19.Ne3 Qc7 20.Qd2 Rad8 21.f4 Qe7 22.Rf1 Bc8
23.Rb3 Nf6 24.Nc3 a6 25.a4 h5 26.a5 Ne6 27.Kh1 Ng7 28.Qd3 Ne6 29.Rb2 Nh7
30.Re2 Qf6 31.Rd2 Nc7 32.Rdf2 Qe7 33.Re2 Qf6 34.Ref2 Qe7 35.Re2 Qf6 36.Qd2 Qe7
37.Rd1 Qf6 38.Rf1 Qe7 39.Qe1 Ne6 40.Qf2 Qf6 41.Qe1 Nd4 42.Ref2 Qe7 43.Qd2 Ne6
44.f5 Nef8 45.fxg6 fxg6 46.b5 Qe5 47.bxc6 bxc6 48.Rf4 Ne6 49.Rf7 Nhg5 50.R7f6 Rf8
51.Rxf8+ Rxf8 52.Rxf8+ Nxf8 53.h4 Nge6 54.Ne2 Nc5 55.Kh2 Be6 56.Qc2 Nfd7
57.Nd1 Bf7 58.Nf2 Qf6 59.Nf4 Ne5 60.N4d3 Ncxd3 61.Nxd3 Ng4+ 62.Kh1 Qa1+ 63.Qc1 Qxc1+
64.Nxc1 Bxc4 65.Kg1 Kf7 66.Bf1 Bxf1 67.Kxf1 Nf6 68.Nd3 Nxe4 69.Nb4 c5 70.Nxa6 Nd2+  0-1

[Event "Oberliga Ost B9394"]
[Site "Germany"]
[Date "1994.??.??"]
[Round "?"]
[White "Schoebel, Wolfgang"]
[Black "Espig, Thomas"]
[Result "1-0"]
[WhiteElo "2220"]
[BlackElo "2310"]

1.d4 Nf6 2.c4 g6 3.g3 Bg7 4.Bg2 O-O 5.Nf3 d6 6.O-O Nbd7 7.Nc3 e5 8.e4 exd4
9.Nxd4 Re8 10.Re1 Nc5 11.h3 Bd7 12.Rb1 Qc8 13.Kh2 Re5 14.b4 Rh5 15.bxc5 Bg4
16.Bf3 Bxf3 17.Qxf3 Ng4+ 18.Kg1 Nxf2 19.Nf5 Nxh3+ 20.Kg2 Qe6 21.Nxg7 Kxg7
22.Nd5 Ng5 23.Bxg5  1-0

[Event "BL2-O9394"]
[Site "Germany"]
[Date "1994.??.??"]
[Round "?"]
[White "Espig, Lutz"]
[Black "Staller, Peter"]
[Result "1/2-1/2"]
[WhiteElo "2465"]
[BlackElo "2385"]

1.Nf3 Nf6 2.c4 g6 3.d4 Bg7 4.g3 O-O 5.Bg2 d6 6.O-O c6 7.Nc3 a6 8.e4 Nfd7
9.Be3 b5 10.Nd2 e5 11.d5 b4 12.dxc6 bxc3 13.cxd7 Nxd7 14.bxc3 Qc7 15.Rb1 a5
16.Qa4 Ba6 17.Rfd1 Rfd8 18.Bf1 Bf8 19.Rb2 Bb7 20.Qc2 Bc6 21.c5 Nxc5 22.Bxc5 dxc5
23.Bb5 Bh6 24.Nc4 Rxd1+ 25.Qxd1 Bxe4 26.Qe2 Bd5 27.Nxe5 Bg7 28.f4 Bxe5 29.Qxe5 Qxe5
30.fxe5 Be6 31.Rd2 a4 32.a3 c4 33.Rd4 Rc8 34.Bxa4 Ra8 35.Bb5 Rxa3 36.Bxc4 Rxc3
37.Rd8+ Kg7 38.Bxe6 fxe6 39.Rd7+ Kg8 40.Re7 Re3 41.Rxe6 Kf7 42.Rf6+ Kg7  1/2-1/2

[Event "Oberliga Nord W9394"]
[Site "Germany"]
[Date "1994.??.??"]
[Round "?"]
[White "Niklasch, Oliver"]
[Black "Polzin, Rainer"]
[Result "1/2-1/2"]
[WhiteElo "2245"]
[BlackElo "2380"]

1.d4 Nf6 2.c4 g6 3.g3 Bg7 4.Bg2 O-O 5.Nf3 d6 6.O-O Nbd7 7.Nc3 e5 8.h3 Re8
9.e4 exd4 10.Nxd4 a6 11.Be3 Rb8 12.Qc2 Ne5 13.b3 c5 14.Nde2 b5 15.cxb5 axb5
16.Rad1 Qc7 17.Nf4 Nc6 18.Ncd5 Nxd5 19.Nxd5 Qd8 20.Rd2 Bb7 21.Qd1 Nd4 22.h4 Bxd5
23.exd5 b4 24.Bxd4 Bxd4 25.Re2 Bc3 26.Qd3 Qf6 27.Rd1 Kf8 28.Rc1 Rxe2 29.Qxe2 Re8
30.Qf3 Qd4 31.Rd1 Qe5 32.Rc1 Qe2 33.Qf4 Be5 34.Qh6+ Kg8 35.h5 Bd4 36.hxg6 hxg6
37.Qf4 Re5 38.Qf3 Qxa2 39.Bh3 Qd2 40.Rf1 Kg7 41.Bg4 f5 42.Bh3 Re1 43.Rxe1 Qxe1+
44.Bf1 c4 45.bxc4 b3 46.Qe2 Qxe2 47.Bxe2 Kf6 48.Bd1 b2 49.Bc2 Ke5 50.Kf1 Bb6
51.f3 Kd4 52.Ke2 Kxc4 53.g4 fxg4 54.fxg4 g5 55.Bb1 Kxd5 56.Bc2 Ke5 57.Kf3 Kd4
58.Ke2 Ke5 59.Kf3 Bg1 60.Bb1 Bh2 61.Bc2 Bf4 62.Bb1 Bc1 63.Bc2 Kd4 64.Ke2 Kc3
65.Bb1 d5 66.Bf5 Kb3 67.Bb1 d4 68.Kd3 Be3 69.Ke2 Kc3 70.Bf5  1/2-1/2

[Event "Oberliga Nord O9394"]
[Site "Germany"]
[Date "1994.??.??"]
[Round "?"]
[White "Panchenko, Alexandar G"]
[Black "Knuth, Hannes"]
[Result "1/2-1/2"]
[WhiteElo "2515"]
[BlackElo "2360"]

1.d4 Nf6 2.Nf3 g6 3.c4 Bg7 4.g3 O-O 5.Bg2 d6 6.O-O Nc6 7.Nc3 a6 8.b3 Rb8
9.Nd5 b5 10.Nxf6+ Bxf6 11.Bh6 Re8 12.Rc1 e5 13.dxe5 Nxe5 14.Nxe5 Rxe5 15.Bf4 Re8
16.c5 Be5 17.Be3 Bg4 18.cxd6 cxd6 19.Rc2 Rc8 20.Rxc8 Qxc8 21.Qd2 Qc3 22.Qxc3 Bxc3
23.Rc1 b4 24.Kf1 Re5 25.h3 Be6 26.Bb6 Bd5 27.e3 Bxg2+ 28.Kxg2 Rd5 29.a3 Rb5
30.axb4 Rxb6 31.Rxc3 Rxb4 32.g4 Kg7 33.f4 d5 34.Kf3 a5 35.Rd3 Rb5 36.Ke2 Kf6
37.Kd2 Ke6 38.Kc2 Rc5+ 39.Kb2 h6 40.Rd1 Rb5 41.Ka3 Rb4 42.Rd4 Rxd4 43.exd4 f5
44.gxf5+ Kxf5 45.Ka4 Ke4 46.Kxa5 Kxd4 47.b4 Ke3 48.b5 d4 49.f5 gxf5 50.b6 d3
51.b7 d2 52.b8=Q d1=Q 53.Qe5+ Kf2 54.Qxf5+ Qf3 55.Qc2+ Kg3 56.Qg6+  1/2-1/2

[Event "BL2-W9394"]
[Site "Germany"]
[Date "1994.??.??"]
[Round "?"]
[White "Dautov, Rustem"]
[Black "Bosboom, Manuel"]
[Result "1-0"]
[WhiteElo "2625"]
[BlackElo "2395"]

1.d4 Nf6 2.c4 g6 3.Nf3 Bg7 4.g3 O-O 5.Bg2 d6 6.Nc3 Nbd7 7.O-O e5 8.e4 c6
9.h3 Qa5 10.Re1 exd4 11.Nxd4 Ne5 12.Bf1 Re8 13.Rb1 Be6 14.b4 Qc7 15.f4 Ned7
16.Be3 Nb6 17.c5 dxc5 18.bxc5 Nbd7 19.Nxe6 Rxe6 20.Bc4 Ree8 21.Qb3 Kh8 22.e5 Nh5
23.Qxb7 Bxe5 24.Qxc7 Bxc7 25.Rb7 Ba5 26.Bd4+ f6 27.Rxe8+ Rxe8 28.Rxd7 Re1+
29.Kf2 Rc1 30.g4 Bxc3 31.gxh5 Bxd4+ 32.Rxd4 gxh5 33.Rd8+ Kg7 34.Rd7+  1-0

[Event "BL2-W9394"]
[Site "Germany"]
[Date "1994.??.??"]
[Round "?"]
[White "Gallo, Jens"]
[Black "Bastian, Herbert"]
[Result "1/2-1/2"]
[WhiteElo "2240"]
[BlackElo "2320"]

1.d4 Nf6 2.Nf3 g6 3.c4 Bg7 4.g3 O-O 5.Bg2 d6 6.O-O Nc6 7.Nc3 Rb8 8.h3 h6
9.e4 e5 10.d5 Ne7 11.Be3 b6 12.b4 Nd7 13.Qd2 Kh7 14.Ne1 f5 15.Nd3 fxe4 16.Nxe4 Nf5
17.Rab1 Nf6 18.Nxf6+ Qxf6 19.c5 dxc5 20.bxc5 Ba6 21.Rfe1 Nxe3 22.Rxe3 Bxd3
23.Rxd3 bxc5 24.Rxb8 Rxb8 25.Rb3 Rb6 26.Be4 Qd6 27.Qc2 Rb4 28.h4 h5 29.Ra3 Qb6
30.Qe2 Kg8 31.Qc2 c4 32.Bxg6 Rb2 33.Qf5 Qf6 34.Rxa7 Qxf5 35.Bxf5 e4 36.Rxc7 c3
37.Bxe4 Bd4 38.d6 Rxf2 39.Kh1 Rf1+ 40.Kg2 Rf2+ 41.Kh3 Bf6 42.Bd5+ Kh8 43.d7 Rd2
44.Bb3 Rd3 45.Rc5 Rxd7 46.Rxh5+ Kg7 47.Rc5 Rd3 48.Kg4 Be7 49.Rf5 Bf6 50.Rf3 Rd2
51.Rf5 Rd3 52.h5 Rd6 53.Rc5 Kh6 54.Kf5 Kxh5 55.Be6 Bg7 56.Rc7 Kh6 57.g4 Kh7
58.g5 Ra6 59.Bb3 Rb6 60.Kg4 Rb8  1/2-1/2

[Event "NRW-Liga I 9394"]
[Site "Germany"]
[Date "1994.??.??"]
[Round "?"]
[White "Rohde, Ulrich"]
[Black "Wolter, Kai"]
[Result "0-1"]
[WhiteElo "2285"]
[BlackElo "2235"]

1.c4 g6 2.Nf3 Bg7 3.d4 Nf6 4.g3 O-O 5.Bg2 d6 6.O-O Nc6 7.Nc3 a6 8.d5 Na5
9.Nd2 c5 10.Qc2 Rb8 11.b3 b5 12.Bb2 bxc4 13.bxc4 Bh6 14.Ncb1 Bd7 15.Bc3 Qc7
16.Nb3 Nxb3 17.axb3 Ra8 18.Ra5 Rfb8 19.Nd2 Bg7 20.Rfa1 Bc8 21.e4 Nd7 22.Bxg7 Kxg7
23.f4 Rb6 24.e5 Rab8 25.exd6 Qxd6 26.Ne4 Qc7 27.Qc3+ Kg8 28.R5a3 Qd8 29.Re1 h6
30.Nd2 Qf8 31.Raa1 Kh7 32.Re2 Nf6 33.Rae1 Ng8 34.Re5 Rb4 35.Qa1 Qd8 36.Ne4 Rxb3
37.d6 exd6 38.Re8 Qxe8 39.Ng5+ hxg5 40.Rxe8 Rb1+ 41.Qxb1 Rxb1+ 42.Kf2 Rb2+
43.Kg1 Be6  0-1

[Event "Giessen Feb-IM"]
[Site "Giessen"]
[Date "1994.??.??"]
[Round "9"]
[White "Lukov, Valentin"]
[Black "Bruch, Ingo"]
[Result "1-0"]
[WhiteElo "2380"]
[BlackElo "2295"]

1.Nf3 Nf6 2.g3 g6 3.c4 Bg7 4.Bg2 d6 5.d4 O-O 6.O-O Nbd7 7.Nc3 e5 8.e4 c6
9.h3 Qb6 10.d5 Nc5 11.Ne1 cxd5 12.cxd5 Bd7 13.Nd3 Nxd3 14.Qxd3 Rfc8 15.Rb1 Qd4
16.Qe2 Qc4 17.Qxc4 Rxc4 18.Re1 Rcc8 19.Bf1 Ne8 20.Be3 Bf6 21.Bb5 Bxb5 22.Nxb5 a6
23.Na3 b5 24.Rbc1 Bd8 25.Kg2 Ba5 26.Red1 Bb4 27.Nc2 Bc5 28.f4 f6 29.Bxc5 Rxc5
30.Nb4 a5 31.Nc6 Rxc1 32.Rxc1 Kf8 33.Kf3 Rc8 34.f5 gxf5 35.exf5 Rc7 36.Rc3 a4
37.Ke4 h5 38.b3 axb3 39.Rxb3 Rg7 40.Ra3 Nc7 41.Nd8 Ke8 42.Ne6 Nxe6 43.fxe6 Rg5
44.Ra8+ Ke7 45.Ra7+ Ke8 46.Rd7 f5+ 47.Kf3 e4+ 48.Kf4 e3 49.Kxe3 f4+ 50.gxf4 Rxd5
51.Ke4 Rd2 52.Kf5  1-0

[Event "Graz-ch"]
[Site "Graz"]
[Date "1994.??.??"]
[Round "5"]
[White "Velickovic, Zoran"]
[Black "Ebner, Walter"]
[Result "1-0"]
[WhiteElo "2290"]
[BlackElo "2170"]

1.Nf3 Nf6 2.g3 g6 3.d4 Bg7 4.Bg2 O-O 5.c4 d6 6.O-O Nbd7 7.Nc3 c5 8.b3 a6
9.Bb2 Rb8 10.a4 b6 11.e4 cxd4 12.Nxd4 Bb7 13.Qe2 e5 14.Nc2 Nc5 15.b4 Ne6
16.Rfd1 Ne8 17.Nd5 f5 18.a5 bxa5 19.Rxa5 f4 20.Bc3 h5 21.c5 h4 22.Qg4 Bc8
23.Qxg6 Nf6 24.cxd6 Nxd5 25.Raxd5 Rf6 26.Qg4 fxg3 27.Bxe5 Bd7 28.hxg3 hxg3
29.Qxg3 Rf7 30.Ne3 Ng5 31.Ba1 Rb5 32.Rxb5 axb5 33.e5 Kf8 34.f4 Ne6 35.f5 Bh6
36.fxe6 Bxe6 37.Rf1 Qb6 38.Re1 Bf4 39.Qf3 Bh2+ 40.Kxh2 Rxf3 41.Bxf3 Qa7 42.Bg4 Bc4
43.Kg3 Qa3 44.e6 Qb3 45.d7 Qd3 46.Bf6 Qd6+ 47.Kh3  1-0

[Event "Graz-ch"]
[Site "Graz"]
[Date "1994.??.??"]
[Round "6"]
[White "Krebs, Johann"]
[Black "Probat, Bernd"]
[Result "1-0"]
[WhiteElo "2150"]
[BlackElo "1945"]

1.d4 Nf6 2.c4 g6 3.g3 Bg7 4.Bg2 O-O 5.Nf3 d6 6.O-O Nbd7 7.h3 e5 8.Nc3 Re8
9.e4 exd4 10.Nxd4 Nc5 11.Re1 h6 12.f3 Bd7 13.Be3 a5 14.Qd2 Kh7 15.Rad1 a4
16.b4 axb3 17.axb3 Ng8 18.Qc2 Qc8 19.g4 Ne7 20.Nd5 Nc6 21.b4 Ne6 22.Nb5 Ne7
23.Nbc3 Nf8 24.Qf2 Be6 25.Qh4 Bxd5 26.Nxd5 Nxd5 27.Rxd5 Qd8 28.Bg5 f6 29.Be3 g5
30.Qg3 Ne6 31.Bf1 Ra3 32.Bd3 Kg8 33.c5 Qb8 34.Bc4 Kh8 35.cxd6 cxd6 36.Qxd6 Qxd6
37.Rxd6 Nf8 38.Kf2 Kh7 39.Red1 Kg6 40.Rb6 Rc3 41.Bd5 Nd7 42.Bf7+ Kxf7 43.Rxd7+ Kg8
44.Rbxb7 Rc2+ 45.Kf1 Bf8 46.Bd4 Ra8 47.Ba7 Rac8 48.Ke1 Rb2 49.Bc5 Bxc5 50.bxc5 Rxb7
51.Rxb7 Rxc5 52.Kd2 Ra5 53.Ke3 Ra3+ 54.Kf2 Rc3 55.Rd7 Rc2+ 56.Kg3 Rc3 57.Rd5 Kg7
58.Rf5 Re3 59.h4 Kg6 60.h5+ Kg7 61.Kf2 Ra3 62.Rd5 Rb3 63.Rd7+ Kg8 64.Ke2 Ra3
65.Rd3 Ra4 66.Ke3 Rb4 67.f4 Rb1 68.fxg5 Re1+ 69.Kf3 fxg5 70.Rd2 Rf1+ 71.Ke3 Rg1
72.Kf3 Rf1+ 73.Rf2 Re1 74.Re2  1-0